Statistiques concernant Devinez le Pays Mystère #105

Cliquez ici pour prendre le quiz!

Statistiques générales

  • Ce quiz a été pris 323 fois
  • Le résultat moyen est 8 sur 11

Statistiques - réponses

Type de RéponseRéponse% Correct
Lettre TrouvéeE
96%
Lettre TrouvéeN
92%
Lettre Bien PlacéeN
83%
Lettre Bien PlacéeÉ
80%
Lettre TrouvéeÉ
73%
Lettre TrouvéeM
72%
Lettre Bien PlacéeE
61%
Lettre TrouvéeY
59%
Lettre Bien PlacéeM
57%
Lettre Bien PlacéeY
56%
Pays MystèreYémen
56%

Distribution des résultats

Percentile par nombre de réponses

% des personnes avec chaque résultat

Votre développement - résultats

Vous n’avez pas pris ce quiz